[Event "ARM-ch 66th"]
[Site "Yerevan"]
[Date "2006.03.19"]
[Round "4"]
[White "Asrian, Karen"]
[Black "Pashikian, Arman"]
[Result "1-0"]
[WhiteElo "2646"]
[BlackElo "2472"]
[Annotator "Postny,E"]
[PlyCount "83"]
[EventDate "2006.03.16"]
[EventType "tourn"]
[EventRounds "9"]
[EventCountry "ARM"]
[EventCategory "11"]
[SourceTitle "CBM 112"]
[Source "ChessBase"]
[SourceDate "2006.06.07"]
[SourceVersion "1"]
[SourceVersionDate "2006.06.07"]
[SourceQuality "1"]

1. e4 e5 2. Nf3 Nc6 3. Bb5 Nf6 4. d3 {Avoiding the main "Berlin" endgame. In
this line white does not really pretend for an opening advantage, but hopes to
outplay his opponent in a long-term fight.} Bc5 5. c3 O-O 6. Bg5 (6. Bxc6 $6
bxc6 7. Nxe5 d5 8. Bg5 Re8 9. f4 dxe4 10. d4 Bb6 11. Nd2 c5 12. dxc5 Bxc5 13.
Qe2 h6 14. Bh4 g5 $1 $36 {0-1 Ivanchuk,V (2717)-Kramnik,V (2772)/Wijk aan Zee
2001/CBM 081 [Wedberg] (38)}) (6. O-O {followed by Nb1-d2-c4-e3 is a standart
plan here.}) 6... Re8 ({The enconter from the recent World Championships is
also a matter of dispute:} 6... h6 7. Bh4 g5 8. Bg3 d6 9. Nbd2 a6 10. Bxc6 bxc6
11. O-O Ba7 12. d4 g4 13. Bh4 gxf3 14. Qxf3 Kg7 15. Qg3+ Kh7 16. Qf3 Kg7 17.
Qg3+ {1/2-1/2 Anand,V (2788)-Topalov,V (2788)/San Luis ARG 2005/The Week in
Chess 570 (17)}) 7. Nbd2 h6 8. Bh4 Be7 {The safest way to deal with the pin
along the diagonal h4-d8.} ({Also interesting is:} 8... a6 9. Ba4 Ba7 10. O-O
d6 11. Re1 Bd7 12. Nf1 Kh8 13. Ne3 Rg8 14. Bb3 g5 15. Bg3 Rg7 $13 {0-1
Efimenko,Z (2637)-Vallejo Pons,F (2674)/Khanty Mansyisk RUS 2005/The Week in
Chess 578 (37)}) 9. O-O (9. Nc4 $6 d5 $1 10. Bxc6 bxc6 11. Ncxe5 Bd6 12. Nxc6
Qd7 13. Nfd4 dxe4 14. O-O Ng4 15. h3 Nh2 16. Re1 Nf3+ 17. Nxf3 exf3 18. Rxe8+
Qxe8 19. Na5 Qe5 20. Qxf3 Qh2+ 21. Kf1 Bb7 22. Nxb7 Qh1+ 23. Ke2 Re8+ 24. Kd2
Qxa1 $19 {0-1 Inarkiev,E (2591)-Stocek,J (2557)/Pardubice 2004/CBM 101 ext (26)
}) 9... d6 10. a4 a6 11. Bc4 Nh5 {It's useful for black to exchange the
dark-squared bishops.} 12. Bg3 $5 {An interesting decision, but hardly the
best one. Asrian is trying to provoke his opponent to get a pair of bishops,
but black obviously does not have to take it. The bishop on g3 might become
misplaced as well.} (12. Bxe7 Qxe7 $11) (12. Nxe5 $4 Nxe5 13. Bxe7 Qxe7 14.
Qxh5 Bg4 $19 {[%csl Rh5]}) (12. Ng5 Bxg5 13. Qxh5 {[%csl Rf7]} Be6 $11) 12...
g6 (12... Nxg3 $6 13. fxg3 {[%csl Rf7][%cal Gc4f7,Gf1f7]}) 13. h3 Rf8 14. Bh2
Bg5 15. Nxg5 {This is somewhat risky decision, as black gets now the "h" file
at his disposal.} (15. d4 Bf4 $11 {exchanging the bishops or provoking the
ugly g2-g3.}) 15... hxg5 16. Re1 Kg7 17. Nf1 Nf4 18. Ne3 Rh8 19. d4 Bxh3 $5 {
This sacrifice is rather intuitive one. Pashikian was probably optimistic
about his chances, but objectively speaking this strike is hardly the best
move in the position. On the other hand, it's also not easy to defend with
white from practical point of viiew.} (19... exd4 $6 20. cxd4 Qf6 21. Bxf4 (21.
e5 $6 dxe5 22. Nd5 Nxd5 23. dxe5 Qe7 24. Bxd5 Rd8 25. Qb3 Nd4 26. Qc4 Be6 27.
Bxe6 Qxe6 $15) 21... gxf4 22. Nd5 Qg5 23. Kf1 Be6 24. Rc1 f3 25. Qxf3 Nxd4 26.
Qc3 c5 27. b4 $16) (19... Bd7 {was rather logical alternative keeping all the
possibilities available, while completing the development.}) 20. gxh3 Nxh3+ 21.
Kf1 $1 (21. Kg2 $2 Nf4+ 22. Bxf4 gxf4 23. Nc2 Qh4 24. Rh1 Qg5+ 25. Kf3 f5 $40 {
[%csl Rf3]}) 21... Nf4 (21... Qf6 $2 22. Bg3 Nf4 23. f3 exd4 24. Ng4 Qe7 25.
cxd4 $18) (21... Nxf2 $2 22. Qf3 Rxh2 23. Kg1 exd4 24. Qxf7+ Kh8 25. cxd4 $18)
22. Bxf4 $6 (22. Bg1 {Looks ugly, but it's the best move.} Qd7 (22... Rh1 $2
23. Nd5 $1 Qd7 (23... Nh3 24. Kg2 Qh8 25. Qf3 Nf4+ (25... Nxg1 26. Qf6+ $18)
26. Nxf4 gxf4 27. Qg4 Qh6) 24. Nxf4 gxf4 25. Ke2 $18) 23. Qg4 Qxg4 24. Nxg4
exd4 25. Bd5 $14) 22... gxf4 23. Qf3 $2 {Consequently going for the wrong idea.
} ({It was necessary to escape with the king by:} 23. Nc2 Rh2 24. Ke2) 23...
Qd7 (23... fxe3 $4 24. Qxf7+ Kh6 25. Ke2 {[%cal Ge1h1] and black's king is
doomed.}) 24. dxe5 (24. Ng4 Rh4 25. Be2 Rah8 $40) (24. Nc2 $2 Rh3 {followed by
f4-f3 -+.}) 24... Rh4 $2 (24... Nxe5 $2 25. Qxf4 Qh3+ 26. Ke2 Rh4 (26... Qh5+
27. Kd2 Nf3+ 28. Kc2 Nxe1+ 29. Rxe1 Raf8 30. Rg1 $18) 27. Qg3 Qxg3 28. fxg3
Rh2+ 29. Kd1 Rxb2 30. Re2 $18) (24... Qh3+ $3 {This was the move both players
missed. It's not so easy to consider the exchange of queens seriously when you
are a piece down, but suddenly black is on top here.} 25. Qxh3 Rxh3 $17 26. Ke2
(26. Ng4 $2 f3 27. Kg1 Rah8 {[%csl Rg1] mating.}) 26... Nxe5 $19) 25. e6 $8
fxe6 $2 (25... Qd8 $3 {This unhuman move is very difficult to find over the
board. All variations favour black:} 26. Nf5+ (26. Ng4 Qg5) (26. Ng2 Ne5) (26.
e7 Qxe7) 26... gxf5 27. exf5 Ne5 28. Rxe5 dxe5 29. exf7 Qg5 30. Qxb7 Rd8 $19)
26. Ng4 e5 27. Be2 Nd8 $1 {The knight is heading to g5.} (27... Rah8 28. Kg2
$18 {[%cal Ge1h1]}) 28. Kg2 Nf7 29. Rh1 Rah8 30. Rxh4 Rxh4 31. Rh1 Ng5 $2 {
The decisive mistake.} ({After} 31... Rxh1 32. Kxh1 Qxa4 {black could get
three pawns for a piece and approximately balanced position.}) 32. Rxh4 Nxf3 {
[%tqu "En","How can White win the queen?","","","h4h7","",3]} 33. Rh7+ Kxh7 34.
Nf6+ Kg7 35. Nxd7 Ng5 {[%csl Rd7] White has a piece for two pawns, but the
matters does not look clear at all, since white's knight can't come out, while
black is threatening to capture it with his king. Karen Asrian found a nice
way to liberate it and to convert his advantage into a full point.} 36. c4 $1
Kf7 (36... Nxe4 37. Bf3 Nd2 38. Bxb7 Nxc4 39. Bxa6 Nxb2 40. a5 $18 {[%csl Ga5]}
) 37. c5 $1 Ke7 38. c6 $1 {The whole march of the "c" pawn is rather
impressive.} b6 (38... bxc6 39. Nb8 $18) 39. Bxa6 f3+ 40. Kg3 Nxe4+ 41. Kxf3 d5
42. Nxe5 1-0

[Event "FRA-chT Top 12"]
[Site "Drancy"]
[Date "2016.06.06"]
[Round "10.3"]
[White "Fressinet, Laurent"]
[Black "Bacrot, Etienne"]
[Result "1-0"]
[WhiteElo "2692"]
[BlackElo "2702"]
[Annotator "RR"]
[PlyCount "83"]
[EventDate "2016.05.28"]
[EventType "team-tourn"]
[EventRounds "11"]
[EventCountry "FRA"]
[SourceTitle "CBM 172 Extra"]
[Source "ChessBase"]
[SourceDate "2016.06.21"]
[SourceVersion "1"]
[SourceVersionDate "2016.06.21"]
[SourceQuality "1"]
[WhiteTeam "Clichy Echecs"]
[BlackTeam "Bischwiller"]
[WhiteTeamCountry "FRA"]
[BlackTeamCountry "FRA"]
[TimeControl "40/5400+30:1800+30"]

1. e4 {[%emt 0:00:30] Prix de beauté de la 10ème ronde} e5 {[%emt 0:01:30]}
2. Nf3 {[%emt 0:00:30]} Nc6 {[%emt 0:00:00]} 3. Bb5 {[%emt 0:00:30]} Nf6 {
[%emt 0:00:00]} 4. d3 {[%emt 0:00:00] Un système anti mur de Berlin populaire
depuis quelques années} Bc5 {[%emt 0:00:30]} 5. c3 {[%emt 0:00:00]} O-O {
[%emt 0:04:30]} 6. O-O {[%emt 0:00:30]} d6 {[%emt 0:01:30]} 7. h3 {[%emt 0:00:
00]} (7. Nbd2) 7... Ne7 {[%emt 0:06:30]} 8. d4 {[%emt 0:01:00]} Bb6 {[%emt 0:
00:30]} 9. Bd3 {[%emt 0:00:00]} Ng6 {[%emt 0:04:30]} 10. Re1 {[%emt 0:03:00]}
c6 {[%emt 0:02:30]} (10... Re8 11. Qc2 c6 12. Na3 Bc7 13. dxe5 Nxe5 14. Nxe5
dxe5 15. Be2 h6 16. Nc4 Nh7 17. Rd1 Qf6 18. Ne3 Qg6 19. Bg4 Bxg4 20. Nxg4 Bb6
21. a4 h5 22. Nh2 Nf6 23. a5 Bc5 24. b4 Bf8 25. Re1 a6 26. Nf3 Nd5 27. Qb3 Nf4
28. Bxf4 exf4 29. Rad1 Rad8 30. e5 Rxd1 31. Rxd1 Qf5 32. Re1 g5 33. Nd4 Qg6 34.
e6 Kh8 35. Qd1 fxe6 36. Nf3 g4 37. Ne5 Qf5 38. hxg4 hxg4 39. Nxg4 Bg7 40. Qd7 {
Vachier Lagrave,M (2788)-Kramnik,V (2801) Stavanger 2016 1/2-1/2}) 11. a4 {
[%emt 0:18:30]} Re8 {[%emt 0:04:30]} 12. Qc2 {[%emt 0:00:30]} Nh5 $146 {
[%emt 0:12:30]} (12... Bc7 13. Be3 d5 14. Nbd2 exd4 15. Bxd4 Be6 16. Ng5 dxe4
17. Ndxe4 Nxe4 18. Nxe6 Rxe6 19. Rxe4 Rxe4 20. Bxe4 Bb6 21. Bxb6 axb6 22. Re1
Nf8 23. Bd3 Qd7 24. Bc4 Re8 25. Rd1 Qc7 26. Qd2 Qe5 27. Qd4 Qxd4 28. Rxd4 Re1+
29. Kh2 g6 30. g4 h6 31. h4 Kg7 32. g5 Re7 33. Kg3 f6 34. f4 Re3+ 35. Kf2 Re7
36. Rd8 hxg5 37. hxg5 fxg5 38. fxg5 Nd7 39. b4 Ne5 40. Bb3 Nf7 41. Bxf7 Kxf7
42. Kf3 {Zolochevsky,V (2366)-Ryvkin,M (2335) ICCF email 2014 1/2-1/2}) 13. Bg5
{[%emt 0:02:30]} f6 {[%emt 0:09:30]} 14. Be3 {[%emt 0:00:30]} Nhf4 {[%emt 0:00:
30]} 15. Bf1 {[%emt 0:00:30]} exd4 {[%emt 0:03:30]} 16. Nxd4 {[%emt 0:11:30]} (
16. cxd4) 16... d5 {[%emt 0:03:30]} 17. Nd2 {[%emt 0:01:30]} Bc7 {[%emt 0:00:
30]} 18. Rad1 $32 {[%emt 0:03:30][%csl Ra8,Rc8]} Qd6 {[%emt 0:01:30]} 19. N4f3
{[%emt 0:00:30]} Be6 {[%emt 0:06:30]} 20. exd5 {[%emt 0:10:30]} Nxd5 {[%emt 0:
02:30]} 21. Ne4 {[%emt 0:04:30]} Qf8 {[%emt 0:01:30]} 22. Bc5 {[%emt 0:02:30]}
Qf7 {[%emt 0:00:00]} 23. c4 $36 {[%emt 0:05:30]} Nb6 {[%emt 0:06:00]} 24. Bd6 {
[%emt 0:02:30]} Bf5 {[%emt 0:03:30]} 25. Bxc7 {[%emt 0:01:30]} Rxe4 {[%emt 0:
04:49]} 26. Rxe4 {[%emt 0:00:30]} Qxc7 {[%emt 0:00:11]} 27. Bd3 {[%emt 0:04:30]
} Bxe4 {[%emt 0:02:50]} 28. Bxe4 {[%emt 0:00:30]} Rd8 {[%emt 0:00:19]} 29.
Rxd8+ {[%emt 0:04:30]} Qxd8 {[%emt 0:00:04]} 30. a5 $16 {[%emt 0:03:02][%csl
Ge4] Le B est trés fort dans cette position ouverte} Nd7 {[%emt 0:02:11]} 31.
a6 $1 {[%emt 0:01:28]} Qb6 {[%emt 0:03:54]} 32. axb7 {[%emt 0:06:04]} Qxb7 {
[%emt 0:00:48]} 33. c5 {[%emt 0:03:34]} Qb5 {[%emt 0:04:50]} 34. Nd4 {[%emt 0:
01:59]} Qxc5 {[%emt 0:00:23]} 35. Nxc6 {[%emt 0:01:48]} Kf8 {[%emt 0:05:26]}
36. Qd2 {[%emt 0:06:45]} Ke8 {[%emt 0:02:36]} 37. b4 {[%emt 0:00:15]} Qc4 {
[%emt 0:01:20]} 38. Bxg6+ {[%emt 0:00:54]} hxg6 {[%emt 0:00:01]} 39. Qd6 {
[%emt 0:00:30]} Qe4 {[%emt 0:01:07]} 40. Qc7 {[%emt 0:00:22]} Qe1+ {[%emt 0:00:
42]} 41. Kh2 {[%emt 0:00:19]} Qd2 {[%emt 0:02:59]} 42. b5 1-0

[Event "Cappelle op 31st"]
[Site "Cappelle la Grande"]
[Date "2015.03.02"]
[Round "3"]
[White "Baklan, Vladimir"]
[Black "Mastrovasilis, Athanasios"]
[Result "1/2-1/2"]
[WhiteElo "2652"]
[BlackElo "2506"]
[Annotator "RR"]
[PlyCount "83"]
[EventDate "2015.02.28"]
[EventType "swiss"]
[EventRounds "9"]
[EventCountry "FRA"]
[SourceTitle "EXT 2016"]
[Source "ChessBase"]
[SourceDate "2015.10.08"]
[SourceVersion "1"]
[SourceVersionDate "2015.10.08"]
[SourceQuality "1"]

1. e4 e5 2. Nf3 Nc6 3. Bb5 Nf6 4. d3 Bc5 5. Nbd2 (5. Bxc6 dxc6 6. h3 Nd7 7. O-O
O-O 8. Nc3 Re8 9. Be3 Bd6 10. Nd2 Nf8 11. Nc4 Ng6 12. a4 Be6 13. Nxd6 cxd6 14.
d4 Qf6 15. d5 Bd7 16. a5 c5 17. Kh2 Qd8 18. Ne2 f5 19. exf5 Bxf5 20. Ng3 Bd7
21. b4 cxb4 22. Qd2 b3 23. cxb3 Qh4 24. Rfc1 Rac8 25. f3 Nf4 26. Bxf4 exf4 27.
Ne4 Rcd8 28. Rc7 Bf5 29. Qd4 Re5 30. Nf2 Qg3+ 31. Kg1 Re2 32. Kf1 Rde8 33. Rac1
h5 34. Rxb7 R8e3 {Caruana,F (2811)-Aronian,L (2777) Zurich 2015 1/2-1/2}) 5...
Nd4 6. Nxd4 Bxd4 7. c3 Bb6 8. d4 Qe7 9. O-O O-O 10. Nc4 Nxe4 11. Re1 d5 12.
Nxb6 axb6 13. f3 Nd6 14. Rxe5 Be6 15. Bd3 f6 16. Re1 Qd7 17. Bf4 Rae8 $146 (
17... Rfe8 18. g4 Kh8 19. Qc2 Bg8 20. b3 c5 21. Qd2 Bf7 22. Rxe8+ Rxe8 23. Re1
Rxe1+ 24. Qxe1 g5 25. Bg3 Kg7 26. h4 gxh4 27. Bf4 Bg6 28. Bf1 Nf7 29. Qxh4 Qe7
30. Qf2 Ng5 31. Kg2 h5 32. Qe3 Qxe3 33. Bxe3 hxg4 34. fxg4 Ne4 35. c4 cxd4 36.
Bxd4 Nd2 37. Be2 dxc4 38. bxc4 Bf7 39. g5 Bxc4 40. gxf6+ Kg6 41. Bxc4 Nxc4 42.
Kf3 Nd6 43. Kf4 Ne8 44. Ke5 Nxf6 45. a4 Kf7 46. Kd6 Ne4+ 47. Kd5 {Goloshchapov,
A (2550)-Marcelin,C (2439) Sautron 2001 1/2-1/2}) 18. Qb3 g6 19. a4 Nc4 20. Qc2
Nd6 21. Qd2 Re7 22. b3 {Les Blancs ont du mal à ouvrir le jeu pour tenter de
profiter de la paire de B} (22. Re2 Rfe8 23. Rae1) 22... Rfe8 23. h4 Bf5 $11
24. Rxe7 Qxe7 25. Bf1 $1 Bc8 26. Bg3 Qe3+ 27. Qxe3 Rxe3 28. Rc1 Re7 29. c4 (29.
Bxd6 $5 cxd6 30. Kf2 $16 {[%csl Rb6,Rb7,Rd5,Rd6][%cal Gc1e1] Après l'échange
des R, les Blancs auraient une bonne finale mais peut-être des difficultés
à faire progresser le K}) 29... Nf5 30. Bf2 dxc4 31. Bxc4+ Kg7 32. b4 Nd6 33.
Bb3 Bf5 34. Bg3 (34. g4 $5) 34... Ne8 35. a5 (35. Kf2 $142 {Plus naturel et
cet échange a5 est bizarre}) (35. Bd5 c6 36. Bc4 Rd7 37. b5 Rxd4 (37... cxb5
38. Bxb5 Rd8 39. Bxe8 Rxe8 40. Rc7+ Kg8 41. Rxb7 Ra8 42. Rxb6 Rxa4 43. d5 Rd4
44. d6 {[%cal Gg3d6,Gg1e3] Et les Noirs vont souffrir pour annuler}) 38. bxc6
bxc6 39. Bf2 $36 {[%csl Ga4][%cal Gf2b6]}) 35... bxa5 36. bxa5 Bd3 37. Bd5 Ba6
38. Re1 Rxe1+ 39. Bxe1 c6 40. Ba2 Nc7 41. Kf2 Nd5 42. Bxd5 1/2-1/2

[Event "Rohde op 09th"]
[Site "Sautron"]
[Date "2009.10.26"]
[Round "3"]
[White "Dvirnyy, Danyyil"]
[Black "Cabrera Pino, Alexis"]
[Result "1/2-1/2"]
[WhiteElo "2447"]
[BlackElo "2529"]
[Annotator "RR"]
[PlyCount "75"]
[EventDate "2009.10.24"]
[EventType "swiss"]
[EventRounds "9"]
[EventCountry "FRA"]
[SourceTitle "EXT 2010"]
[Source "ChessBase"]
[SourceDate "2010.11.25"]
[SourceVersion "1"]
[SourceVersionDate "2010.11.25"]
[SourceQuality "1"]
[TimeControl "6000"]
[WhiteClock "0:00:14"]
[BlackClock "0:00:27"]

1. e4 e5 {01H40} 2. Nf3 Nc6 3. Bb5 Nf6 4. O-O Bc5 5. c3 O-O 6. d4 Bb6 7. Bg5 h6
8. Bxf6 (8. Bh4 $142 d6 9. a4 a5 10. Re1 Bg4 11. Bxc6 bxc6 12. dxe5 dxe5 13.
Qxd8 Raxd8 14. Nxe5 $14 {Anand,V (2555)-Torre,E (2550) Far East Bank op 1990 
(10) 1-0}) 8... Qxf6 9. Bxc6 Qxc6 10. Nxe5 Qxe4 11. Nd2 Qh4 {01H40} (11... Qf5
12. Ndc4 d6 13. Ne3 Qe4 14. N5c4 Be6) 12. Nec4 d5 $11 13. Nxb6 axb6 14. Re1 Bg4
{01H28} 15. Qb3 Qg5 16. Nf1 Rae8 $146 {01H24} ({RR} 16... Rfe8 17. Re3 Rxe3 18.
Nxe3 Bf3 19. Qc2 Be4 20. Qe2 Re8 21. Qg4 Qxg4 22. Nxg4 f6 23. Re1 b5 24. f3 Bg6
25. Rxe8+ Bxe8 26. Ne3 c6 27. h4 Bg6 28. a3 Kf8 29. g3 Be8 30. Kf2 Bd7 31. h5 {
Breyther,R (2325)-Hegeler,F (2220)/Hamburg 1992/EXT 1997/1/2-1/2 (65)}) 17. Qb5
Qd8 {01H07} (17... Bh3 18. Ng3) 18. Re3 Qd7 19. Qxd7 Bxd7 20. Rae1 Rxe3 {01H00}
21. Rxe3 Ra8 22. a3 f6 23. f3 (23. Re7 Rd8 {[%cal Gg8f8]}) 23... Kf7 24. Kf2 g5
25. g3 Be6 {49mns} 26. Re1 Ke7 27. Ne3 Kd6 28. h4 b5 29. g4 $1 {[%csl Gf5]} b6
(29... gxh4 30. Rh1 $16) 30. Nf5+ Kd7 {39mns} (30... Bxf5 31. gxf5 {[%csl Ge6,
Rf6][%cal Ge1e6]} Rf8 32. Re6+ Kd7 33. Kg3 $36 {[%csl Rh6][%cal Gg3g4,Gg4h5]})
31. Ng7 Bf7 32. Nf5 Be6 33. Ng7 Bf7 34. Kg3 Bg6 {27mns} 35. Nf5 Bxf5 36. gxf5
Re8 37. Rxe8 Kxe8 38. h5 1/2-1/2

[Event "Vandoeuvre op 11th"]
[Site "Vandoeuvre"]
[Date "2014.12.29"]
[Round "7"]
[White "Fedorchuk, Sergey A"]
[Black "Wagner, Dennis"]
[Result "1-0"]
[WhiteElo "2669"]
[BlackElo "2488"]
[Annotator "RR"]
[PlyCount "91"]
[EventDate "2014.12.26"]
[EventType "swiss"]
[EventRounds "9"]
[EventCountry "FRA"]
[SourceTitle "EXT 2017"]
[Source "ChessBase"]
[SourceDate "2016.10.25"]
[SourceVersion "1"]
[SourceVersionDate "2016.10.25"]
[SourceQuality "1"]

1. e4 {90} e5 2. Nf3 Nc6 3. Bb5 Nf6 4. d3 Bc5 5. O-O d6 6. Nbd2 {Une ligne
secondaire} (6. c3) (6. h3) 6... O-O 7. c3 Ne7 $5 {[%cal Gc7c6,Ge7g6] Une
ligne secondaire devenue assez populaire récemment.} (7... a6) 8. d4 exd4 9.
cxd4 Bb6 10. Re1 a6 {92} 11. Bf1 Bg4 12. Qb3 d5 {91} 13. e5 $146 (13. exd5
Nfxd5 {Palac,M (2560)-Erdos,V (2645) BIH-chT 12th 2013 (1.3) 1/2}) 13... Nd7 {
91} 14. h3 Bh5 {82 Fin de la préparation des Noirs} 15. Qd1 {Bizarre} c5 16.
dxc5 Nxc5 17. Nb3 Ne4 {69} 18. Be3 Nf5 19. Bxb6 Qxb6 {[%cal Ga6a4] 60} 20. Qe2
Neg3 $1 {30} 21. Qd3 Bxf3 22. Qxf3 Nxf1 23. Qxf5 Ng3 24. Qf4 Ne4 25. Rad1 $32
Rad8 26. Qe3 Qg6 {25} 27. Rd4 $14 Rfe8 28. Red1 (28. f4) 28... Rxe5 29. f3 Ng5
30. Rxd5 $1 (30. Qxe5 Nxf3+) 30... Rdxd5 31. Rxd5 f6 32. Rxe5 fxe5 33. Kh2 $14
{[%csl Re5] Les Blancs ont une bonne finale car le P"e5" est très faible} Nf7
34. Nc5 $1 {[%csl Ra6,Rb7]} Qc2 35. b4 Qxa2 36. Nxb7 Qc4 37. Qe4 Qb5 38. Nc5 {
[%cal Ge4a8]} h6 39. h4 Qb6 40. Qc4 Qf6 41. Kh3 Qf5+ 42. Qg4 Qf4 43. Qxf4 exf4
44. Nd7 Kh7 45. Nf8+ Kg8 46. Ne6 {Suite illisible et gain Blanc au 49ème coup}
(46. Ng6) 1-0

[Event "Cappelle op 31st"]
[Site "Cappelle la Grande"]
[Date "2015.03.05"]
[Round "7"]
[White "Onischuk, Vladimir"]
[Black "Mekhitarian, Krikor Sevag"]
[Result "1/2-1/2"]
[WhiteElo "2629"]
[BlackElo "2556"]
[Annotator "RR"]
[PlyCount "75"]
[EventDate "2015.02.28"]
[EventType "swiss"]
[EventRounds "9"]
[EventCountry "FRA"]
[SourceTitle "EXT 2016"]
[Source "ChessBase"]
[SourceDate "2015.10.08"]
[SourceVersion "1"]
[SourceVersionDate "2015.10.08"]
[SourceQuality "1"]

1. e4 e5 2. Nf3 Nc6 3. Bb5 Nf6 (3... a6 4. Ba4 Nge7 5. Bb3 d5 6. Nc3 Be6 7. Ng5
Nd4 8. d3 $146 Qd6 {Onischuk,V (2651)-Stopa,J (2537) Metz 2015 (2) 0-1}) 4. d3
Bc5 5. c3 O-O 6. Nbd2 d6 7. O-O a6 8. Ba4 b5 (8... Ba7 9. h3 Ne7 10. Re1 c5 11.
Nf1 h6 12. Ng3 b5 13. Bc2 Ng6 14. d4 Bb7 15. Be3 Re8 16. d5 c4 17. Bxa7 Rxa7
18. b3 Qc7 19. bxc4 Qxc4 20. a4 Qxc3 21. axb5 Qc5 22. Qb1 axb5 23. Rxa7 Qxa7
24. Qxb5 Rc8 25. Bd3 Nf4 26. Qb3 Ba6 27. Bxa6 Qxa6 28. Nf5 Kh7 29. Qb4 Rd8 30.
Qd2 Rb8 31. Qc2 Rc8 32. Qd2 Rc4 33. Ng3 Qc8 34. Nh2 Rd4 35. Qe3 Rd3 36. Qa7 Qc3
37. Re3 Rxe3 38. Qxe3 {Shankland,S (2661)-So,W (2788) Saint Louis 2015 0-1 (92)
}) 9. Bc2 h6 10. h3 Ba7 11. Re1 Re8 12. Nf1 d5 $5 $146 (12... Bb7 13. Ng3 Qd7
14. Nf5 Ne7 15. N3h4 Kh7 16. Nxe7 Qxe7 17. Nf5 Qf8 18. Qf3 Ng8 19. Bb3 g6 20.
Ne3 f5 21. Bd5 Bxd5 22. Nxd5 fxe4 23. dxe4 Qxf3 24. gxf3 Rec8 25. f4 Kg7 26.
Kg2 a5 27. fxe5 dxe5 28. Be3 Bxe3 29. Rxe3 Ra6 30. a4 c6 31. axb5 cxb5 32. f4
exf4 33. Nxf4 Rd8 34. Re2 a4 35. Rf1 g5 36. Nd5 Nf6 37. Nc7 Rb6 38. Rf5 b4 39.
cxb4 Kg6 40. Rc5 Rxb4 41. Rc6 {1-0 (41) Petrosyan,M (1920)-Ambarcumova,K (2309)
Yerevan 2010}) 13. Qe2 Be6 14. exd5 Bxd5 15. Ng3 Qd7 16. a4 Rad8 $132 17. Nh4 (
17. axb5 axb5) 17... Bc5 18. Nhf5 Bf8 $1 19. Be3 Ne7 20. Nxe7+ Bxe7 21. axb5
axb5 22. Ra7 Qc6 23. f3 Ra8 24. Rxa8 Rxa8 25. d4 exd4 26. Nf5 Bc5 27. Nxd4 Qb7
28. b4 Bb6 29. Bf2 c6 30. Nf5 Bxf2+ 31. Qxf2 Qa7 $11 32. Nd4 Qc7 33. Qe3 Kf8
34. Kf2 Re8 35. Qd2 Rxe1 36. Qxe1 Nh5 37. Nf5 Be6 38. Ne3 1/2-1/2

[Event "Rohde op 07th"]
[Site "Sautron"]
[Date "2007.10.28"]
[Round "2"]
[White "Kazakov, Mikhail"]
[Black "Delorme, Axel"]
[Result "0-1"]
[WhiteElo "2449"]
[BlackElo "2328"]
[Annotator "RR"]
[PlyCount "48"]
[EventDate "2007.10.27"]
[EventType "swiss"]
[EventRounds "9"]
[EventCountry "FRA"]
[SourceTitle "EXT 2008"]
[Source "ChessBase"]
[SourceDate "2007.11.25"]
[SourceVersion "1"]
[SourceVersionDate "2007.11.25"]
[SourceQuality "1"]

1. e4 e5 2. Nf3 Nc6 3. Bb5 Nf6 4. d3 Bc5 5. O-O d6 6. c3 O-O 7. Bg5 h6 ({RR} 
7... Bb6 8. Nbd2 Nb8 9. d4 c6 10. Bd3 Nbd7 11. a4 Bc7 12. Re1 Re8 13. h3 h6 14.
Be3 Nf8 15. Qc2 Ng6 16. b4 Nh5 17. dxe5 Nxe5 18. Bf1 Bb6 19. Nd4 a6 20. Rad1
Qf6 21. g3 Qg6 22. Bg2 {Morozevich,A (2707)-Aronian,L (2724)/Mainz 2005/CBM
107 ext/1-0 (48)}) 8. Bh4 Bb6 (8... Qe7 9. Nbd2) 9. Na3 $146 {Les autres
parties continuaient avec Nbd2 mais également avec l'idée Nc4} (9. Nbd2 Nb8 $5
$146 {Haznedaroglu,K (2468)-Sargissian,G (2673) EU-chT 15th Crete (5) 1/2})
9... Bd7 10. Bxc6 Bxc6 11. Nc4 Re8 12. a4 {[%csl Rb6][%cal Ga4a5]} a6 13. Nxb6
cxb6 14. c4 $14 {[%csl Rd5,Rd6]} Re6 15. Ne1 $6 (15. Re1) 15... b5 $1 $132 16.
axb5 axb5 17. Rxa8 Qxa8 18. cxb5 Bxb5 19. f4 exf4 20. Rxf4 g5 21. Rf5 {[%cal
Gf5b5]} gxh4 22. Rxb5 Qa7+ 23. Kh1 d5 24. exd5 $4 {Une gaffe étonnante de la
part d'un GMI aussi expérimenté} Qa4 $1 {[%cal Ga4d1,Ga4b5,Ge6e1]} 0-1